| 000 | 00580cam a22001814a 4500 | ||
|---|---|---|---|
| 020 | _a9782874157905 | ||
| 040 | _cDLC | ||
| 082 | _a304 LUC 2007 A069 Or. | ||
| 245 | 0 | 0 |
_aActe-écologique.be : _bpour un pacte écologique belge / |
| 260 |
_aBruxelles : _bLuc Pire, _c2007. |
||
| 300 |
_a157 p. : _bill. ; _c24 cm. |
||
| 500 | _aIncludes glossary. | ||
| 500 | _a"Ouvrage collectif sous la direction de Inter-environnement Wallonie"--Cover p. 4. | ||
| 650 | 0 | _aEnvironmental policy | |
| 650 | 0 | _aEnvironmental protection | |
| 710 | 2 | _aInter-environnement, a.s.b.l. | |
| 942 | _cEK | ||
| 999 |
_c14603 _d14603 |
||